[Event "Olympiad Women-42"]
[Site "Baku"]
[Date "2016.09.05"]
[Round "4.11"]
[White "Zawadzka, Jolanta"]
[Black "Nguyen, Thu Giang"]
[Result "1-0"]
[WhiteElo "2429"]
[BlackElo "2119"]
[PlyCount "107"]
[EventDate "2016.09.02"]
[EventType "team-swiss"]
[EventRounds "11"]
[EventCountry "AZE"]
[SourceTitle "CBM 174 Extra"]
[Source "ChessBase"]
[SourceDate "2016.10.10"]
[SourceVersion "1"]
[SourceVersionDate "2016.10.10"]
[SourceQuality "1"]
[WhiteTeam "Poland (W)"]
[BlackTeam "Australia (W)"]
[WhiteTeamCountry "POL"]
[BlackTeamCountry "AUS"]

1. e4 d5 2. exd5 Qxd5 3. Nc3 Qa5 4. d4 Nf6 5. Bc4 c6 6. Bd2 Bf5 7. Qe2 e6 8. d5 cxd5 9. Nxd5 Qd8 10. Nxf6+ Qxf6 11. 0-0-0 Ba3 12. c3 Bc5 13. g4 Bg6 14. Nf3 h6 15. Ne5 Nc6 16. Nxg6 Qxg6 17. h4 0-0-0 18. Bb5 Bb6 19. h5 Qf6 20. f4 Rd6 21. Kb1 Rhd8 22. Bc1 Qe7 23. Ba4 Qc7 24. Rxd6 Rxd6 25. g5 Ne7 26. Bc2 Qd7 27. Qe5 f6 28. gxf6 gxf6 29. Qxf6 Nf5 30. Re1 Bd8 31. Qe5 Nh4 32. Qe4 Nf5 33. Bb3 Ng7 34. Qe5 Kc7 35. Rd1 Nf5 36. Rxd6 Qxd6 37. Bxe6 Ne7 38. Qe2 Nc6 39. a3 Bf6 40. f5 Bg7 41. Qg4 Qf8 42. Bf4+ Kb6 43. Qg1+ Ka6 44. Qf1+ Kb6 45. Qf2+ Ka6 46. Qe2+ Kb6 47. Qe3+ Ka6 48. Qd3+ Kb6 49. Be3+ Kc7 50. Qd7+ Kb8 51. Bc5 Qh8 52. Bd6+ Ka8 53. Bd5 Na5 54. Bb4 1-0

[Event "Olympiad Women-42"]
[Site "Baku"]
[Date "2016.09.04"]
[Round "3.47"]
[White "Arbona Avila, Zaily M"]
[Black "Nguyen, Thu Giang"]
[Result "0-1"]
[WhiteElo "1535"]
[BlackElo "2119"]
[PlyCount "50"]
[EventDate "2016.09.02"]
[EventType "team-swiss"]
[EventRounds "11"]
[EventCountry "AZE"]
[SourceTitle "CBM 174 Extra"]
[Source "ChessBase"]
[SourceDate "2016.10.10"]
[SourceVersion "1"]
[SourceVersionDate "2016.10.10"]
[SourceQuality "1"]
[WhiteTeam "Aruba (W)"]
[BlackTeam "Australia (W)"]
[WhiteTeamCountry "ARN"]
[BlackTeamCountry "AUS"]

1. e4 c6 2. d4 d5 3. exd5 cxd5 4. Bd3 Nc6 5. c3 g6 6. Nf3 Bg7 7. 0-0 Nf6 8. Qc2 0-0 9. Bg5 Nh5 10. Nbd2 Qd6 11. Rfe1 f6 12. Bh4 e5 13. Bxg6 hxg6 14. Qxg6 Nf4 15. dxe5 Nxe5 16. Qc2 Qd7 17. Bg3 Qg4 18. Bxf4 Qxf4 19. Nd4 Bg4 20. f3 Bd7 21. Nf1 Nc6 22. Qb3 Qd6 23. Nb5 Qc5+ 24. Kh1 Na5 25. Qa3 Qxb5 0-1

[Event "Olympiad Women-42"]
[Site "Baku"]
[Date "2016.09.02"]
[Round "1.53"]
[White "Cho, Hung Ling"]
[Black "Nguyen, Thu Giang"]
[Result "0-1"]
[WhiteElo "1515"]
[BlackElo "2119"]
[PlyCount "74"]
[EventDate "2016.09.02"]
[EventType "team-swiss"]
[EventRounds "11"]
[EventCountry "AZE"]
[SourceTitle "CBM 174 Extra"]
[Source "ChessBase"]
[SourceDate "2016.10.10"]
[SourceVersion "1"]
[SourceVersionDate "2016.10.10"]
[SourceQuality "1"]
[WhiteTeam "Chinese Taipei (W)"]
[BlackTeam "Australia (W)"]
[WhiteTeamCountry "TPE"]
[BlackTeamCountry "AUS"]

1. e4 d5 2. exd5 Qxd5 3. Nc3 Qa5 4. d4 Nf6 5. Nf3 Bg4 6. h3 Bh5 7. Bc4 Nc6 8. g4 Bg6 9. a3 0-0-0 10. d5 Nb4 11. 0-0 Nbxd5 12. Nxd5 Nxd5 13. Qe2 e6 14. Rd1 Be7 15. Bxd5 Rxd5 16. Rxd5 Qxd5 17. Be3 Rd8 18. c3 Bd3 19. Qd1 Qe4 20. Nd2 Qc6 21. Qe1 b6 22. Rd1 Ba6 23. Rc1 Rd3 24. c4 Bb7 25. f3 Rxe3 26. Qxe3 Bc5 27. Qxc5 Qxc5+ 28. Kg2 Qe3 29. Ne4 Qxc1 30. b3 f5 31. gxf5 exf5 32. Nf2 Qe3 33. h4 Bxf3+ 34. Kf1 Qe2+ 35. Kg1 Qe1+ 36. Kh2 Qxf2+ 37. Kh3 Bg4# 0-1

[Event "Doeberl Cup 54th"]
[Site "Canberra"]
[Date "2016.03.26"]
[Round "5"]
[White "Nguyen, Thu Giang"]
[Black "Johansen, Darryl Keith"]
[Result "0-1"]
[WhiteElo "2165"]
[BlackElo "2388"]
[PlyCount "88"]
[EventDate "2016.03.24"]
[EventType "swiss"]
[EventRounds "9"]
[EventCountry "AUS"]
[SourceTitle "EXT 2018"]
[Source "ChessBase"]
[SourceDate "2017.10.13"]
[SourceVersion "1"]
[SourceVersionDate "2017.10.13"]
[SourceQuality "1"]

1. e4 e6 2. d4 d5 3. Nd2 Nc6 4. Ngf3 Nf6 5. e5 Nd7 6. Bb5 Be7 7. 0-0 0-0 8. Re1 Ncb8 9. Nf1 b6 10. c3 Ba6 11. Ba4 c5 12. g3 b5 13. Bc2 b4 14. h4 bxc3 15. bxc3 cxd4 16. cxd4 Nc6 17. Bxh7+ Kxh7 18. Qc2+ Kg8 19. Qxc6 Qc8 20. Qxc8 Rfxc8 21. Ne3 Bd3 22. a4 Bb4 23. Bd2 a5 24. Bxb4 axb4 25. Nd2 Rc3 26. a5 Nb8 27. Nd1 Rc2 28. Nb3 Nc6 29. Nc5 Bc4 30. Ne3 Rc3 31. Na4 Ra3 32. Nb6 R8xa5 33. Rab1 Bd3 34. Rbc1 Rc3 35. Rxc3 bxc3 36. Kg2 Nxd4 37. Kh3 c2 38. Nxc2 Bxc2 39. Rc1 Ra6 40. Nd7 Ra7 41. Nb6 Rb7 42. Na8 Bf5+ 43. Kg2 Be4+ 44. Kh3 Nf3 0-1

[Event "Doeberl Cup 54th"]
[Site "Canberra"]
[Date "2016.03.25"]
[Round "4"]
[White "Safarian, Alek"]
[Black "Nguyen, Thu Giang"]
[Result "0-1"]
[WhiteElo "2019"]
[BlackElo "2165"]
[PlyCount "92"]
[EventDate "2016.03.24"]
[EventType "swiss"]
[EventRounds "9"]
[EventCountry "AUS"]
[SourceTitle "EXT 2018"]
[Source "ChessBase"]
[SourceDate "2017.10.13"]
[SourceVersion "1"]
[SourceVersionDate "2017.10.13"]
[SourceQuality "1"]

1. d4 Nf6 2. c4 e6 3. Nf3 b6 4. g3 Ba6 5. Qc2 c5 6. Bg2 Nc6 7. dxc5 Bxc5 8. 0-0 Rc8 9. Nbd2 0-0 10. a3 Bb7 11. b4 Be7 12. Rd1 d5 13. Nb3 Qe8 14. c5 Ba6 15. Re1 Nd7 16. Bd2 bxc5 17. bxc5 Bc4 18. Be3 Bxb3 19. Qxb3 Bxc5 20. Rec1 Na5 21. Qd3 Nc4 22. Bd4 Bxd4 23. Qxd4 Nc5 24. Rcb1 a5 25. Nd2 Nxd2 26. Qxd2 a4 27. Ra2 Nb3 28. Qf4 Rc4 29. Qe5 Qc6 30. Bf1 f6 31. Qe3 Rf7 32. Qd3 Nc1 33. Rxc1 Rxc1 34. Rb2 Rf8 35. Rb4 d4 36. f3 e5 37. Kf2 Rc3 38. Qb1 Rxa3 39. Bh3 g6 40. Rb6 Qc5 41. Be6+ Kg7 42. Rb5 Qc3 43. Rb7+ Kh6 44. h4 Ra1 45. Qb6 Qe1+ 46. Kg2 Qf1+ 0-1

[Event "Olympiad Women-41"]
[Site "Tromsoe"]
[Date "2014.08.12"]
[Round "10.1"]
[White "Milligan, Helen"]
[Black "Nguyen, Thu Giang"]
[Result "0-1"]
[WhiteElo "1938"]
[BlackElo "2165"]
[PlyCount "76"]
[EventDate "2014.08.02"]
[EventType "team-swiss"]
[EventRounds "11"]
[EventCountry "NOR"]
[SourceTitle "CBM 162"]
[Source "ChessBase"]
[SourceDate "2014.09.17"]
[SourceVersion "1"]
[SourceVersionDate "2014.09.17"]
[SourceQuality "1"]
[WhiteTeam "New Zealand (W)"]
[BlackTeam "Australia (W)"]
[WhiteTeamCountry "NZL"]
[BlackTeamCountry "AUS"]

1. e4 c5 2. Nf3 Nc6 3. Bb5 e6 4. Bxc6 bxc6 5. d3 Qc7 6. Qe2 e5 7. 0-0 Ne7 8. c4 Ng6 9. Nc3 d6 10. h3 Be7 11. Nh2 0-0 12. Re1 f5 13. exf5 Bxf5 14. Nf3 h6 15. Bd2 Rf7 16. Rf1 Raf8 17. Ne1 Qd7 18. Kh2 Nh4 19. f3 d5 20. Qf2 Be6 21. b3 Nf5 22. Rd1 Qd6 23. Ne2 g5 24. g3 Ng7 25. Nc3 Bd8 26. Qg2 Nh5 27. Nc2 Kh7 28. Ne1 Qd7 29. Nc2 Bc7 30. Ne2 Rf6 31. Be3 Bd6 32. Rf2 Qf7 33. Rdf1 d4 34. Bc1 e4 35. dxe4 d3 36. Rd1 Rxf3 37. Rxf3 Qxf3 38. Ne3 Qxe2 0-1

[Event "Olympiad Women-41"]
[Site "Tromsoe"]
[Date "2014.08.06"]
[Round "5.2"]
[White "Nguyen, Thu Giang"]
[Black "Rogule, Laura"]
[Result "1/2-1/2"]
[WhiteElo "2165"]
[BlackElo "2347"]
[PlyCount "80"]
[EventDate "2014.08.02"]
[EventType "team-swiss"]
[EventRounds "11"]
[EventCountry "NOR"]
[SourceTitle "CBM 162"]
[Source "ChessBase"]
[SourceDate "2014.09.17"]
[SourceVersion "1"]
[SourceVersionDate "2014.09.17"]
[SourceQuality "1"]
[WhiteTeam "Australia (W)"]
[BlackTeam "Latvia (W)"]
[WhiteTeamCountry "AUS"]
[BlackTeamCountry "LAT"]

1. e4 c5 2. Nf3 Nc6 3. Bb5 g6 4. 0-0 Bg7 5. c3 Nf6 6. Re1 0-0 7. h3 a6 8. Bf1 b5 9. a4 b4 10. d3 Bb7 11. Be3 d6 12. Nbd2 Rc8 13. Rc1 bxc3 14. bxc3 Na5 15. d4 cxd4 16. cxd4 Rxc1 17. Qxc1 Nxe4 18. Nxe4 Bxe4 19. Bg5 d5 20. Qc5 Nb3 21. Qc3 Qb6 22. Bxe7 Nxd4 23. Qc5 Qxc5 24. Bxc5 Bxf3 25. Bxd4 Bxd4 26. gxf3 a5 27. Rd1 Bc3 28. Rxd5 Re8 29. Rd7 Re1 30. Kg2 Kf8 31. Bc4 Re7 32. Rxe7 Kxe7 33. Bb5 f6 34. Bc6 Kd6 35. Bb5 Ke5 36. Kg3 Be1 37. f4+ Kd4 38. Kf3 Bd2 39. Bd7 Kd5 40. Bb5 Bb4 1/2-1/2